| 000 | 00632nam a2200205 i 4500 | ||
|---|---|---|---|
| 001 | 53156 | ||
| 003 | ES-MaACL | ||
| 005 | 20250814045706.0 | ||
| 007 | t| | ||
| 008 | 950912s1885 fr |||| | fre d | ||
| 040 |
_aCAM _bspa _cCAM |
||
| 100 | 1 |
_aDulos, Pascal. _945975 |
|
| 245 | 1 | 0 |
_aCours de mécanique _b: áa l'usage des écoles d'arts et métiers et de l'enseignement spécial des lycées / _cpar Pascal Dulos. |
| 250 | _a2e éd. | ||
| 260 |
_aParis : _bGauthier-Villars, _c1885. |
||
| 300 |
_a5 v. ; _c22 cm. |
||
| 650 | 0 | 7 |
_aMecánica _2embne _914869 |
| 852 |
_aES-MaACL _jB-950-54 |
||
| 999 |
_c53156 _d53156 |
||